| 000 | 00833nam a2200265 i 4500 | ||
|---|---|---|---|
| 001 | C2-0341449 | ||
| 003 | PPAK | ||
| 005 | 20180728143134.0 | ||
| 008 | 170329s2016 my |||| ||||| | may d | ||
| 020 | _a9789671468500 | ||
| 040 |
_aPPAK _beng _cPPAK _erda |
||
| 082 | 0 | 4 |
_a297.54 _223 |
| 090 | 0 | 0 |
_a297.54 _bMEN _dR |
| 245 | 0 | 0 | _aMenelusuri isu-isu kontemporari zakat |
| 264 | 1 |
_aKuala Lumpur : _bPusat Pungutan Zakat , _c2016 |
|
| 300 |
_axvi, 356 pages ; _c21 cm |
||
| 336 |
_2rdacontent _atext |
||
| 337 |
_2rdamedia _aunmediated |
||
| 338 |
_2rdacarrier _avolume |
||
| 650 | 1 | 0 | _aZakat - Malaysia. ; Islam - Charities. ; Islam - Economic aspects - Malaysia. |
| 700 | 0 |
_aMuhammad Fadhli Abdul Rahman _eeditor |
|
| 700 | 0 |
_aSh. Noorul Huda S. Hasan, _eeditor |
|
| 700 | 0 |
_aUmi Maisarah Jamsari _eeditor |
|
| 942 |
_ddc _cB |
||
| 999 |
_c138511 _d138511 |
||